15 najgorszych azjatyckich reprezentacji (Ranking Fifa) - Statystyki

Ogólne statystyki
  • Ten quiz został rozwiązany 63 razy
  • Średni wynik to 11 z 15
Statystyki odpowiedzi
Miejsce Reprezentacja % Poprawnych
183 Mongolia
90%
207 Sri Lanka
87%
156 Jemen
84%
157 Afganistan
82%
192 Bangladesz
80%
176 Kambodża
80%
160 Mjanma
80%
201 Pakistan
80%
175 Nepal
77%
195 Timor Wschodni
77%
188 Laos
75%
184 Bhutan
74%
158 Singapur
69%
191 Brunei
59%
182 Makau
30%
Nie znaleziono quizów pasujących do podanych kryteriów
Rozkład punktacji
Procent ludzi z każdym wynikiem
Percentyl według liczby udzielonych odpowiedzi
Twoja historia wyników
Nie rozwiązałeś tego quizu